书目信息 |
| 题名: |
贝多芬传
|
|
| 作者: | 李娟 编著 | |
| 分册: | ||
| 出版信息: | 北京 时事出版社 2019 |
|
| 页数: | 242页 | |
| 开本: | 23cm | |
| 丛书名: | 名人堂 | |
| 单 册: | ||
| 中图分类: | K835.165.76 , K835.165.7 | |
| 科图分类: | ||
| 主题词: | 音乐家--yin yue jia--传记--德国--近代 | |
| 电子资源: | ||
| ISBN: | 978-7-5195-0271-3 | |
| 000 | 01339nam 2200325 450 | |
| 001 | 012001007508 | |
| 005 | 20140101163900.0 | |
| 010 | @a978-7-5195-0271-3@dCNY42.00 | |
| 099 | @aCAL 012019038333 | |
| 100 | @a20190124d2019 em y0chiy50 ea | |
| 101 | 0 | @achi |
| 102 | @aCN@b110000 | |
| 105 | @ay z 000yb | |
| 106 | @ar | |
| 200 | 1 | @a贝多芬传@Abei duo fen zhuan@d= Beethoven@f李娟编著@zeng |
| 210 | @a北京@c时事出版社@d2019 | |
| 215 | @a242页@d23cm | |
| 225 | 2 | @a名人堂@Aming ren tang |
| 314 | @a李娟, 职业撰稿人。 | |
| 330 | @a贝多芬在世界音乐史上有着至高无上的地位, 如果没有他, 整个音乐史将黯淡不少。虽然遭遇了从事音乐艺术最可怕的挫折--失聪, 但他的每一部作品都因经历过激烈的痛苦挣扎而散发出更加独特的魅力。他的人生也因此比绝大多数人更加奋进。本书以详实的史料和细腻的笔触, 讲述了贝多芬独一无二的个性与人生--既脆弱又好斗, 既悲喜交加又充满英雄色彩, 始终不向命运低头。他是一位值得世人铭记的伟大艺术家。 | |
| 333 | @a本书适合对贝多芬生平感兴趣的读者阅读 | |
| 410 | 0 | @12001 @a名人堂 |
| 510 | 1 | @aBeethoven@zeng |
| 600 | 1 | @a贝多芬@Abei duo fen@g(Beethoven, Ludwig Van),@f1770-1827@x传记 |
| 606 | 0 | @a音乐家@Ayin yue jia@x传记@y德国@z近代 |
| 690 | @aK835.165.76@v5 | |
| 690 | @aK835.165.7@v5 | |
| 701 | 0 | @a李娟@Ali juan@4编著 |
| 801 | 0 | @aCN@b上海新华@c20191020 |
| 905 | @b1133599-602@dK835.165.76@e1040@f4 | |
| 贝多芬传= Beethoven/李娟编著.-北京:时事出版社,2019 |
| 242页;23cm.-(名人堂) |
| 使用对象:本书适合对贝多芬生平感兴趣的读者阅读 |
| ISBN 978-7-5195-0271-3:CNY42.00 |
| 贝多芬在世界音乐史上有着至高无上的地位, 如果没有他, 整个音乐史将黯淡不少。虽然遭遇了从事音乐艺术最可怕的挫折--失聪, 但他的每一部作品都因经历过激烈的痛苦挣扎而散发出更加独特的魅力。他的人生也因此比绝大多数人更加奋进。本书以详实的史料和细腻的笔触, 讲述了贝多芬独一无二的个性与人生--既脆弱又好斗, 既悲喜交加又充满英雄色彩, 始终不向命运低头。他是一位值得世人铭记的伟大艺术家。 |
| ● |
| 相关链接 |
|
|
|
|
正题名:贝多芬传
索取号:K835.165.76/1040
 
预约/预借
| 序号 | 登录号 | 条形码 | 馆藏地/架位号 | 状态 | 备注 |
| 1 | 1133599 | 211335991 | 第二样本阅览室/ [索取号:K835.165.76/1040] | 在馆 | |
| 2 | 1133600 | 211336008 | 第二借阅区/ [索取号:K835.165.76/1040] | 在馆 | |
| 3 | 1133601 | 211336017 | 第二借阅区/ [索取号:K835.165.76/1040] | 在馆 | |
| 4 | 1133602 | 211336026 | 第二借阅区/ [索取号:K835.165.76/1040] | 在馆 |